| 000 | 00581nam a22001937a 4500 | ||
|---|---|---|---|
| 999 |
_c10999 _d10999 |
||
| 003 | AR-CdUCM | ||
| 008 | 190402b ||||| |||| 00| 0 spa d | ||
| 040 |
_aMUNICIPALIDAD PROVINCIAL DEL CUSCO _cBIBLIOTECA MUNICIPAL DEL CUSCO |
||
| 082 |
_aEP / 551.46 / _bJ61 |
||
| 100 |
_aJimenez-Landy, A. _928105 |
||
| 245 | _aEl libro del mar / | ||
| 260 |
_aMadrid : _bAguilar, _c1960. |
||
| 300 |
_a99 paginas ; _bIlustraciones, _c32 cm. |
||
| 440 |
_aColecciones el Globo de Colores _917834 |
||
| 650 |
_aHidrologia _96390 |
||
| 650 |
_aMar _9935 |
||
| 942 |
_2ddc _cLIBROS |
||
| 945 | _arjall | ||